000 00872nam a2200229Ia 4500
003 GCL
008 140319s9999 xx 000 0 ara d
040 _aGCL /
_cGCL
082 0 4 _aد
_b050
_bب ف
100 1 _aشومان، هارالد
245 1 0 _aفخ العولمة ( عالم المعرفة 238 ) :
_bالاعتداء على الديمقراطية والرفاهية /
_cشومان، هارالد
700 1 _aهانس - بيترتين
260 _aالكويت :
_bالمجلس الوطنى للثقافة والفنون والاداب ،
_c1998
300 _a431 ص ؛
_c20 سم
490 _aعالم المعرفة
_v238
650 0 4 _aالاحوال السياسية
650 0 4 _aالاحوال الاقتصادية
650 0 4 _aالدوريات
650 0 4 _aالعولمة
650 0 4 _aالاحوال الديمقراطية
942 _2ddc
_cBK
999 _c27416
_d27416